00393 2200157 4500245006100000020001800061250001100079100001900090700001800109650001000127005001900137260004500156041001400201084001100215336000900226 aSecond Summer, Never See You AgaincHirotaka AkagihText a9786230304774 aCet. 1 aHirotaka Akagi aClaudia Putri aNovel a20240903070452 aJakartabPT> Grameda Pustaka Utamac2021 aIndonesia a808.83 atext